| 000 | 01374cam a22003855i 4500 | ||
|---|---|---|---|
| 999 |
_c28059 _d28030 |
||
| 001 | 19999507 | ||
| 003 | EG-ScBUE | ||
| 005 | 20200212123946.0 | ||
| 008 | 170913t20182018nyua f 001 0 eng d | ||
| 020 | _a9781259862595 (paperback : acid-free paper) | ||
| 020 | _a1259862593 (paperback : acid-free paper) | ||
| 035 | _a(DNLM)101712820 | ||
| 040 |
_aDNLM/DLC _beng _erda _cDLC _dDLC _dEG-ScBUE |
||
| 082 | 0 | 4 |
_a615.1 _bKAM _222 |
| 100 | 1 |
_aKamienski, Mary, _eauthor. |
|
| 245 | 1 | 0 |
_aPharmacology demystified / _cMary Kamienski, PhD, RN, FAEN, FAAN, FNP, ENP, CEN, Jim Keogh, DNP, RN-BC. |
| 250 | _aSecond edition. | ||
| 264 | 1 |
_aNew York : _bMcGraw-Hill Education, _c[2018] |
|
| 264 | 4 | _cc2018 | |
| 300 |
_axviii, 446 pages : _billustrations (color) ; _c23 cm. |
||
| 336 |
_atext _btxt _2rdacontent |
||
| 337 |
_aunmediated _bn _2rdamedia |
||
| 338 |
_avolume _bnc _2rdacarrier |
||
| 490 | 0 | _aDemystified | |
| 500 | _aPreceded by Pharmacology demystified / Mary Kamienski, Jim Keogh. c2006. | ||
| 500 | _aIncludes index. | ||
| 650 | 7 |
_aPharmaceutical Preparations. _2BUEsh |
|
| 650 | 7 |
_aDrug Therapy. _2BUEsh |
|
| 653 |
_bPPhrm _cFebruary2020 |
||
| 655 | 2 | _aExamination Questions | |
| 700 | 1 |
_aKeogh, James Edward, _d1948- _eauthor. |
|
| 700 | 1 |
_aKamienski, Mary. _tPharmacology demystified. _iPreceded by (work) |
|
| 942 |
_2ddc _cBB |
||